000 00615nam a2200229Ia 4500
003 OSt
005 20220923230341.0
006 a|||||r|||| 00| 0
007 ta
008 Pun
024 _a279,724
037 _cTextual
040 _aARTS
_cARTS
_bPun
041 _2Pun
_aPun
082 _aO153,1NGI2x, M7
100 _aਗਿਲ, ਮਹਿੰਦਰ ਕੌਰ
_9156269
245 0 _aਹਵਾ ਠਹਿਰ ਗਈ
260 _c1987
650 _aਪੰਜਾਬੀ ਸਾਹਿਤ
942 _hO153,1NGI2x, M7
_cTEXL
_2CC
999 _c384191
_d384191